[Event "HUN-chT2 Barcza 0405"]
[Site "Hungary"]
[Date "2005.03.06"]
[Round "9"]
[White "Vitai, Tamas"]
[Black "Horvath, Adam2222"]
[Result "1/2-1/2"]
[WhiteElo "1688"]
[BlackElo "2010"]
[PlyCount "30"]
[EventDate "2004.09.26"]
[EventType "team"]
[EventRounds "11"]
[EventCountry "HUN"]
[SourceTitle "EXT 2009"]
[Source "ChessBase"]
[SourceDate "2008.11.26"]
[SourceVersion "1"]
[SourceVersionDate "2008.11.26"]
[SourceQuality "1"]
[WhiteTeam "Szabolcs Volan"]
[BlackTeam "Tiszavasvar"]
[WhiteTeamCountry "HUN"]
[BlackTeamCountry "HUN"]

1. d4 f5 2. c4 Nf6 3. Nc3 g6 4. e3 Bg7 5. Be2 0-0 6. Nf3 d6 7. d5 e5 8. h4 h6 9. Qc2 c6 10. Bd2 Na6 11. a3 Nc7 12. dxc6 bxc6 13. Rd1 Qe7 14. Bc1 Rd8 15. e4 Rb8 1/2-1/2

[Event "HUN-chT2 Barcza 0405"]
[Site "Hungary"]
[Date "2004.12.19"]
[Round "5"]
[White "Dudlak, Laszlo"]
[Black "Vitai, Tamas"]
[Result "1-0"]
[WhiteElo "1913"]
[BlackElo "1688"]
[PlyCount "66"]
[EventDate "2004.09.26"]
[EventType "team"]
[EventRounds "11"]
[EventCountry "HUN"]
[SourceTitle "EXT 2009"]
[Source "ChessBase"]
[SourceDate "2008.11.26"]
[SourceVersion "1"]
[SourceVersionDate "2008.11.26"]
[SourceQuality "1"]
[WhiteTeam "Piremon II"]
[BlackTeam "Szabolcs Volan"]
[WhiteTeamCountry "HUN"]
[BlackTeamCountry "HUN"]

1. e4 e5 2. Nf3 Nc6 3. Nc3 Nf6 4. d4 exd4 5. Nxd4 Bc5 6. Be3 Bb6 7. Nxc6 bxc6 8. Bg5 Qe7 9. Bd3 Qe5 10. f4 Qd4 11. Qf3 d6 12. h3 Ba5 13. Bxf6 Bxc3+ 14. bxc3 Qxf6 15. Bc4 Bd7 16. 0-0 0-0 17. Rad1 Be6 18. Bb3 Rfe8 19. Ba4 Rab8 20. Bxc6 Rf8 21. a4 Bc4 22. Rf2 Rb6 23. Bd5 Bxd5 24. exd5 Rfb8 25. Qe3 h6 26. Rd4 c5 27. Re4 Kf8 28. Re2 Qd8 29. f5 R8b7 30. f6 g5 31. Re7 Kg8 32. h4 Rxe7 33. fxe7 Qd7 1-0

[Event "HUN-chT2 Barcza 0405"]
[Site "Hungary"]
[Date "2004.10.10"]
[Round "2"]
[White "Vitai, Tamas"]
[Black "Halasi, Szabolcs"]
[Result "0-1"]
[WhiteElo "1688"]
[BlackElo "1680"]
[PlyCount "118"]
[EventDate "2004.09.26"]
[EventType "team"]
[EventRounds "11"]
[EventCountry "HUN"]
[SourceTitle "EXT 2009"]
[Source "ChessBase"]
[SourceDate "2008.11.26"]
[SourceVersion "1"]
[SourceVersionDate "2008.11.26"]
[SourceQuality "1"]
[WhiteTeam "Szabolcs Volan"]
[BlackTeam "Hajduszoboszlo"]
[WhiteTeamCountry "HUN"]
[BlackTeamCountry "HUN"]

1. e4 e5 2. Nf3 Nc6 3. Bb5 a6 4. Ba4 Nf6 5. 0-0 Be7 6. Re1 b5 7. Bb3 d6 8. h3 0-0 9. c3 Na5 10. Bc2 c5 11. d4 Qc7 12. Nh2 Rd8 13. d5 Bd7 14. f4 exf4 15. Bxf4 Nc4 16. b3 Ne5 17. Bxe5 dxe5 18. c4 bxc4 19. bxc4 Rab8 20. Re3 Rb6 21. Nd2 Re8 22. Rb1 Reb8 23. Reb3 Bd6 24. Nhf3 Bc8 25. Rxb6 Rxb6 26. Ba4 Rxb1 27. Qxb1 Bd7 28. Bxd7 Nxd7 29. Nh4 g6 30. Qb3 Nb6 31. Qg3 Kh8 32. Qb3 Kg8 33. g4 Be7 34. Nhf3 Bd6 35. a4 Nd7 36. Qa2 Qa5 37. Nb3 Qb4 38. Nfd2 Nb6 39. a5 Nxc4 40. h4 Nxd2 41. Nxd2 Qd4+ 42. Kf1 Qd3+ 43. Kf2 c4 44. Nxc4 Bc5+ 45. Ke1 Qxe4+ 46. Qe2 Qxd5 47. Nxe5 Bb4+ 48. Kf1 Qh1+ 49. Kf2 Qxh4+ 50. Kf3 Qf6+ 51. Kg2 Bxa5 52. Qe4 Bc7 53. Nd7 Qb2+ 54. Kf3 Qc3+ 55. Ke2 Kg7 56. Qe7 Qc4+ 57. Ke3 Qe6+ 58. Qxe6 fxe6 59. Nc5 Bb6 0-1

[Event "HUN-chT2 Barcza 0304"]
[Site "Hungary"]
[Date "2004.04.18"]
[Round "11"]
[White "Vitai, Tamas"]
[Black "Hando, Vilmos"]
[Result "0-1"]
[WhiteElo "1527"]
[BlackElo "1746"]
[PlyCount "78"]
[EventDate "2003.08.29"]
[EventType "team"]
[EventRounds "11"]
[EventCountry "HUN"]
[SourceTitle "EXT 2009"]
[Source "ChessBase"]
[SourceDate "2008.11.26"]
[SourceVersion "1"]
[SourceVersionDate "2008.11.26"]
[SourceQuality "1"]
[WhiteTeam "Szabolcs Volan"]
[BlackTeam "Kazincbarcika"]
[WhiteTeamCountry "HUN"]
[BlackTeamCountry "HUN"]

1. e4 c5 2. Nf3 e6 3. d4 cxd4 4. Nxd4 a6 5. Nc3 Qc7 6. Bd3 Nf6 7. f3 Bd6 8. Be3 Bxh2 9. Qd2 Bg3+ 10. Bf2 Nc6 11. Nxc6 Bxf2+ 12. Qxf2 bxc6 13. 0-0-0 Rb8 14. b3 h6 15. Na4 d5 16. Rhe1 0-0 17. e5 Nd7 18. Qg3 c5 19. Rh1 Nxe5 20. Kb1 Bd7 21. Rxh6 f5 22. Rdh1 Bxa4 23. Rh8+ Kf7 24. Qxg7+ Kxg7 25. R8h7+ Kf6 26. Rxc7 Nxd3 27. cxd3 Bb5 28. f4 Bxd3+ 29. Kb2 Rg8 30. Rhh7 Rbf8 31. Rh6+ Rg6 32. Rxg6+ Kxg6 33. Rxc5 Kf6 34. Rc3 Bf1 35. g3 Rg8 36. Rc1 Bd3 37. Rg1 e5 38. fxe5+ Kxe5 39. Kc3 Be4 0-1